Źródła i materiały do dziejów szlachty województwa sandomierskiego w XVI-XVIII wieku
| Titel: | Źródła i materiały do dziejów szlachty województwa sandomierskiego w XVI-XVIII wieku / wstęp i opracowanie Jacek Pielas |
|---|---|
| Teil: |
Tom 2. Inwentarze dóbr ziemskich z XVII-XVIII wieku
Cz. 1 |
| Beteiligt: | |
| Veröffentlicht: | Kielce : Wydawnictwo Uniwersytetu Jana Kochanowskiego, 2013 |
| Umfang: | XIX, 202 Seiten |
| Format: | Buch |
| Sprache: | Polnisch |
| Schriftenreihe/ mehrbändiges Werk: |
Źródła i materiały do dziejów szlachty województwa sandomierskiego w XVI-XVIII wieku / wstęp i opracowanie Jacek Pielas : Tom 2, Inwentarze dóbr ziemskich z XVII-XVIII wieku ; Cz. 1 alle Bände anzeigen
|
| RVK-Notation: | |
| ISBN: | 9788371335471 |
| Hinweise zum Inhalt: |
Inhaltsverzeichnis
|
alg: 33199429 001A $00026:27-09-13 001B $01999:10-05-25 $t18:08:40.000 001C $00026:20-07-17 $t14:39:05.000 001D $00026:18-10-13 001U $0utf8 001X $00 002@ $0Afy 002C $aText $btxt $2rdacontent 002D $aohne Hilfsmittel zu benutzen $bn $2rdamedia 002E $aBand $bnc $2rdacarrier 003@ $0331994291 003O $0858956393 $aOCoLC 004A $A978-83-7133-547-1 007A $0331994291 $aHEB 007G $0DE0136D41CD54FB554740C1257C0C004047B9 009P $qapplication/pdf $A2 $3Inhaltsverzeichnis $uhttp://scans.hebis.de/HEBCGI/show.pl?33199429_toc.pdf $mV:DE-603;B:DE-26 010@ $apol 010E $erda 011@ $a2013 013D $RQuellenforschung $#History -- Sources $#Histoire -- Sources $#Akten Formschlagwort $#Augenzeugenbericht Formschlagwort $#Texte Formschlagwort $#Historische Quelle $#Geschichtsquelle $#Quellensammlung $#Quellen $74135952-5 $8Quelle [Ts1] $9085503576 028C $BHerausgeber $4edt $7 $8Pielas, Jacek [Tnu] $9190628952 033A $pKielce $nWydawnictwo Uniwersytetu Jana Kochanowskiego 034D $aXIX, 202 Seiten 036C $aŹródła i materiały do dziejów szlachty województwa sandomierskiego w XVI-XVIII wieku $hwstęp i opracowanie Jacek Pielas 036C/01 $aInwentarze dóbr ziemskich z XVII-XVIII wieku $x12,11 $lCz. 1 $mTom 2 036D $x12,11 $8Źródła i materiały do dziejów szlachty województwa sandomierskiego w XVI-XVIII wieku / wstęp i opracowanie Jacek Pielas $9225922398 044K $RNiederadel $#Szlachta $74179647-0 $8Schlachta [Ts1] $9085855448 044K $#Sandomir $74378952-3 $8Sandomierz [Tg1] $9088388069 044K $RWoiwode $74190193-9 $8Woiwodschaft [Ts1] $9085941778 045F $a306.094386 $eDDC23BSB 045F/01 $a306.09 045F/03 $g4386 045G $a900.94386 $eDDC23BSB 045G/01 $a900 045G/03 $g4386 045Z $8NN 1237 [Tkv] $9410894869 lok: 33199429 24 101B $014-01-14 $t14:25:11.000 101C $014-01-14 101U $0utf8 145Z/01 $a37 8 S 26 145Z/02 $a37 13 L 145Z/03 $a37 1 B exp: 33199429 24 1 #EPN 201B/01 $009-01-14 $t15:34:54.000 201C/01 $001-11-13 201U/01 $0utf8 203@/01 $0722448392 208@/01 $a09-01-14 $bz 209A/01 $a13.10834 $du $f050 $h13 10834 $x00 209C/01 $a13.10834 K $h13 10834 K 209G/01 $a73374723 $x00 220C/01 $awal 247C/01 $8358050-7Marburg, Bibliothek des Herder-Instituts Marburg $9102600961 lok: 33199429 78 exp: 33199429 78 1 #EPN 201B/01 $003-09-19 $t16:52:05.000 201C/01 $003-09-19 201U/01 $0utf8 203@/01 $01058830910 208@/01 $a03-09-19 $be 209A/01 $a/ $f000 $x00 209A/01 $ab*p $x01 220C/01 $apgar 244Z/01 $#Generalgouvernement Polen $#Polska $#Rzeczpospolita Polska $#Polska Rzeczpospolita Ludowa $#Poland $#Pologne $#République Polonaise $#Generalne Gubernatorstwo w Polsce $#Polish People's Republic $#Polska Rzeczpospolita Polen $#PRL $#RP $#Polen Generalgouvernement $#Polska Generalgouvernement $#Besetzte Polnische Gebiete $#Besetztes Gebiet in Polen $#Okupowane Polskie Obszary $#Obszary Okupowane w Polsce $#Volksrepublik Polen $#Polska Rosyjska $#Republic Polen $#Respublika Pol'ša $#Pol'skaja Narodnaja Respublika $#République de Pologne $#Polen Links der Weichsel $#Polska po Lewej Stronie Wisły $#Lenkija $#Polija $#Gubernija Carstva Pol'skago $#Republik Polen $74046496-9 $8--Tg1--Polen $x01 $9085129801 247C/01 $82080>Marburg/Lahn, Herder-Institut, Forschungsbibliothek, Bibliographieportal $9336309341 lok: 33199429 204 exp: 33199429 204 1 #EPN 201B/01 $011-11-13 $t08:04:02.000 201C/01 $027-09-13 201U/01 $0utf8 203@/01 $0720985684 208@/01 $a27-09-13 $bzUB 209A/01 $a000 NN 1237 P613-2,1 $du $f000 $x00 209G/01 $a61621342 $x00 245S/01 $a10200 $x01 247C/01 $8631000-x <26>Gießen, Universität Gießen, Universitätsbibliothek Gießen $9102596697
| LEADER | 00000cam a22000002cc4500 | ||
|---|---|---|---|
| 001 | 331994291 | ||
| 003 | DE-603 | ||
| 005 | 20250510180840.0 | ||
| 007 | tu | ||
| 008 | 130927s2013 xx |||| | u00||u|pol c | ||
| 020 | |a 9788371335471 | ||
| 035 | |a (DE-599)HEB331994291 | ||
| 035 | |a (OCoLC)858956393 | ||
| 040 | |a DE-603 |b ger |c DE-603 |d DE-603 |e rda | ||
| 041 | |a pol | ||
| 082 | 0 | 4 | |8 1\u |a 306.094386 |q DE-101 |2 23/BSB |
| 083 | 0 | |8 2\u |a 900.94386 |q DE-101 |2 23/BSB | |
| 084 | |a NN 1237 |0 (DE-625)126517: |0 (DE-603)410894869 |2 rvk | ||
| 085 | |8 1\u |b 306.09 | ||
| 085 | |8 1\u |z 2 |s 4386 | ||
| 085 | |8 2\u |b 900 | ||
| 085 | |8 2\u |z 2 |s 4386 | ||
| 245 | 0 | 0 | |a Źródła i materiały do dziejów szlachty województwa sandomierskiego w XVI-XVIII wieku |n Tom 2 |p Inwentarze dóbr ziemskich z XVII-XVIII wieku |n Cz. 1 |c wstęp i opracowanie Jacek Pielas |
| 264 | 1 | |a Kielce |b Wydawnictwo Uniwersytetu Jana Kochanowskiego |c 2013 | |
| 300 | |a XIX, 202 Seiten | ||
| 336 | |a Text |b txt |2 rdacontent | ||
| 337 | |a ohne Hilfsmittel zu benutzen |b n |2 rdamedia | ||
| 338 | |a Band |b nc |2 rdacarrier | ||
| 650 | 7 | |a Schlachta |0 (DE-588)4179647-0 |0 (DE-603)085855448 |2 gnd | |
| 650 | 7 | |a Woiwodschaft |0 (DE-588)4190193-9 |0 (DE-603)085941778 |2 gnd | |
| 651 | 7 | |a Sandomierz |0 (DE-588)4378952-3 |0 (DE-603)088388069 |2 gnd | |
| 655 | 7 | |a Quelle |2 gnd-content |0 (DE-588)4135952-5 |0 (DE-603)085503576 | |
| 700 | 1 | |a Pielas, Jacek |e Herausgeber |4 edt |0 (DE-603)190628952 | |
| 773 | 0 | 8 | |q 12,11 |w (DE-603)225922398 |
| 856 | 4 | 2 | |m V:DE-603;B:DE-26 |q application/pdf |u http://scans.hebis.de/HEBCGI/show.pl?33199429_toc.pdf |3 Inhaltsverzeichnis |
| 924 | 0 | |9 Mb 50 |a (DE-603)722448392 |b DE-Mb50 |c HES |d c |g 13.10834 | |
| 924 | 0 | |9 2080 |a (DE-603)1058830910 |b DE-2080 |c HES |d d |g / | |
| 924 | 0 | |9 26 |a (DE-603)720985684 |b DE-26 |c HES |d c |g 000 NN 1237 P613-2,1 | |
alle Bände anzeigen

